| 000 | 01298nam a2200301 i 4500 | ||
|---|---|---|---|
| 001 | 110822 | ||
| 003 | ES-MaACL | ||
| 005 | 20260127062536.0 | ||
| 007 | t| | ||
| 008 | 070131s1921 sp |||| | spa d | ||
| 080 | _a34(46) | ||
| 100 | 1 |
_aBonilla y San Martín, Adolfo, _d1875-1926 _930193 |
|
| 245 | 1 | 0 |
_aAtavismo en la estructura y en la enseñanza del derecho en España _b; El procedimiento jurídico y la inmoralidad de sus normas : conferencias / _cpor Adolfo Bonilla y San Martín. |
| 260 |
_aMadrid : _bReus, _c1921. |
||
| 300 |
_a44 p. ; _c18 cm. |
||
| 490 | 1 |
_aPublicaciones de la Real Academia de Jurisprudencia y Legislación ; _v43 |
|
| 500 | _aSesiones del 4 y 18 de marzo de 1921. | ||
| 530 | _aDisponible en formato digital. | ||
| 650 | 7 |
_aDerecho- _xEnseñanza _9151692 |
|
| 650 | 0 | 4 |
_aPoder judicial- _zEspaña. _916148 |
| 700 |
_aReal Academia de Jurisprudencia y Legislación de España _9217612 |
||
| 740 | 3 | 2 | _aEl procedimiento jurídico y la inmoralidad de sus normas. |
| 830 | 0 |
_aPublicaciones de la Real Academia de Jurisprudencia y Legislación ; _v43 _9180630 |
|
| 852 |
_aES-MaACL _jL-5210 _cDEPO2 |
||
| 856 | 4 |
_uhttp://bdh-rd.bne.es/viewer.vm?id=0000097674&page=1 _y( Biblioteca Digital Hispánica ) |
|
| 942 | _2udc | ||
| 999 |
_c110822 _d110822 |
||